000 00398pab a2200145 454500
008 180718b1999 xxu||||| |||| 00| 0 eng d
100 _aRana, A.P.
245 _aSouth Asian cooperation after the cold war: coping with the international dimension
260 _c1999
300 _ap.99-107
362 _aJan-Jun
650 _aRegional cooperation
773 _aSouth Asian Survey
909 _a41733
999 _c41733
_d41733